| 000 -LEADER |
| fixed length control field |
00791cam a22002177a 4500 |
| 003 - CONTROL NUMBER IDENTIFIER |
| control field |
OSt |
| 005 - DATE AND TIME OF LATEST TRANSACTION |
| control field |
20220303121455.0 |
| 008 - FIXED-LENGTH DATA ELEMENTS--GENERAL INFORMATION |
| fixed length control field |
060126s2005 maua f b 001 0 eng |
| 020 ## - INTERNATIONAL STANDARD BOOK NUMBER |
| International Standard Book Number |
9780124555518 |
| 040 ## - CATALOGING SOURCE |
| Original cataloging agency |
YRM |
| Transcribing agency |
YRM |
| 082 ## - DEWEY DECIMAL CLASSIFICATION NUMBER |
| Classification number |
729.29 |
| Item number |
LON |
| 100 1# - MAIN ENTRY--PERSONAL NAME |
| Personal name |
Long, Marshall. |
| 245 10 - TITLE STATEMENT |
| Title |
Architectural acoustics / |
| Statement of responsibility, etc |
by Marshall Long. |
| 260 ## - PUBLICATION, DISTRIBUTION, ETC. (IMPRINT) |
| Place of publication, distribution, etc |
Amsterdam ; |
| -- |
Boston : |
| Name of publisher, distributor, etc |
Elsevier/Academic Press, |
| Date of publication, distribution, etc |
2006. |
| 300 ## - PHYSICAL DESCRIPTION |
| Extent |
xxvi, 844 p. : |
| Other physical details |
ill. ; |
| Dimensions |
27 cm. |
| 504 ## - BIBLIOGRAPHY, ETC. NOTE |
| Bibliography, etc |
Includes bibliographical references (p. [813]-828) and index. |
| 650 #0 - SUBJECT ADDED ENTRY--TOPICAL TERM |
| Topical term or geographic name as entry element |
Architectural acoustics. |
| 856 42 - ELECTRONIC LOCATION AND ACCESS |
| Materials specified |
Publisher description |
| Uniform Resource Identifier |
<a href="http://www.loc.gov/catdir/enhancements/fy0664/2006271195-d.html">http://www.loc.gov/catdir/enhancements/fy0664/2006271195-d.html</a> |
| 856 41 - ELECTRONIC LOCATION AND ACCESS |
| Materials specified |
Table of contents only |
| Uniform Resource Identifier |
<a href="http://www.loc.gov/catdir/enhancements/fy0629/2006271195-t.html">http://www.loc.gov/catdir/enhancements/fy0629/2006271195-t.html</a> |
| 942 ## - ADDED ENTRY ELEMENTS (KOHA) |
| Source of classification or shelving scheme |
|